Cuentos de Chile. Antología básica-segunda serie
Tallennettuna:
| Päätekijä: | |
|---|---|
| Aineistotyyppi: | Kirja |
| Kieli: | espanja |
| Julkaistu: |
Santiago
Lo Castillo
1985
|
| Sarja: | Biblioteca Escolar Apuntes, 12
|
| Aiheet: | |
| Tagit: |
Lisää tagi
Ei tageja, Lisää ensimmäinen tagi!
|
MARC
| LEADER | 00000nam a2200000 a 4500 | ||
|---|---|---|---|
| 001 | UCH7318 | ||
| 003 | CL-VaPUC | ||
| 008 | 091109e19850000CL |||||||||||||||||spa|d | ||
| 082 | 0 | 4 | |a Ch863 |b PER |2 21 |
| 100 | 0 | |a Pérez, Floridor |e author |9 543749 | |
| 245 | 1 | 0 | |a Cuentos de Chile. Antología básica-segunda serie |
| 300 | |a 111 p | ||
| 942 | |c BK | ||
| 945 | |d 20091109 00:00:00 |a lazolas | ||
| 260 | |a Santiago |b Lo Castillo |c 1985 | ||
| 650 | 0 | |a Literatura |9 259151 | |
| 650 | 0 | |a Literatura chilena |9 308278 | |
| 650 | 0 | |a Cuentos chilenos |9 308280 | |
| 650 | 0 | |a Escritores chilenos |9 420370 | |
| 650 | 0 | |a Ficción |9 376687 | |
| 650 | 0 | |a Lectura |9 307634 | |
| 650 | 0 | |a Narrativa chilena |9 342463 | |
| 651 | 7 | |a CHILE |2 CL-VaPUC |9 543750 | |
| 583 | |a last modification |c 20091109 00:00:00 |k Rodrigo Vera | ||
| 490 | 0 | |a Biblioteca Escolar Apuntes, 12 | |
| 999 | |c 337971 |d 337969 | ||